000 01209nam0a22002771 4500
001 rc\2997992
005 20250805160813.4
035 _a(NLR Aleph) 007141583
090 _a7061158
_c7061158
100 _a20110918d1944 |||y0rusy50 ca
101 0 _arus
102 _aRU
105 _ay z |||||
200 1 _aУдельный расход электроэнергии на деповской ремонт и экипировку паровозов ФД, ремонт грузовых и пассажирских вагонов
_fдоц. С.Е. Кузин, канд. техн. наук
210 _aНовосибирск
_cБ. и.
_d1944
_gтип. "Ж.-д. Кузбасса"
215 _a15 с.
_d19 см
225 1 _aМатериалы дорожной научно-технической конференции
_fНКПС СССР. Науч.-корреспондент. пункт ЦНИИ на Томск. ж. д.
300 _aБез обл.
700 1 _aКузин
_bС. Е.
801 0 _aRU
_bNLR
_gpsbo
801 1 _aRU
_bELAR
_2rusmarc
852 _aNLR
_jТ88 Г-4/122
942 _cBOOK
945 _aРоссийская национальная библиотека
980 _aNB
980 _aBV